| 000 | 00623nam a2200205Ia 4500 | ||
|---|---|---|---|
| 003 | LK-CoDNM | ||
| 008 | 010623t1994 xxu||||| |||| 00| 1 sin d | ||
| 040 |
_aLK-CoDNM _dLK-CoDNM _eLK-CoDNM |
||
| 041 | _asin | ||
| 080 | _a133.52 | ||
| 100 | _aSisirakumara, Rohan R.K. | ||
| 245 | _aලංකා පඤචාංග ලිත ,ග්රහස්ඵුට ලිත 1993 | ||
| 246 | _aLanka Panchanga litha : Grahasputa litha 1993 | ||
| 260 |
_bRohan Sisirakumara _aThalavathugoda _c1994 |
||
| 300 | _b120p., 24 cm | ||
| 650 | _aAlmanac | ||
| 650 | _aAstrology | ||
| 700 | _aKasturirathna ,.W. | ||
| 942 | _cBK | ||
| 999 |
_c116722 _d116722 |
||